[Event "15th HZ Open"]
[Site "Vlissingen NED"]
[Date "2011.08.06"]
[Round "9"]
[White "Stefan, Romulus-Cristian"]
[Black "Bezemer, Arno"]
[Result "1/2-1/2"]
[BlackTitle "FM"]
[WhiteElo "2172"]
[BlackElo "2348"]
[WhiteFideId "1232835"]
[BlackFideId "1001396"]
[EventDate "2011.07.30"]

1. f4 Nf6 2. Nf3 g6 3. g3 Bg7 4. Bg2 O-O 5. O-O c5 6. d3 Nc6 7. Nc3 d6 8. Nh4
Bd7 9. f5 Rb8 10. Bg5 Ne5 11. Qc1 Bc6 12. e4 b5 13. Bh6 b4 14. Nd5 Bxd5 15. exd5
c4 16. Bxg7 Kxg7 17. fxg6 Qb6+ 18. Kh1 hxg6 19. Qg5 Kh7 1/2-1/2

[Event "15th HZ Open"]
[Site "Vlissingen NED"]
[Date "2011.08.06"]
[Round "9"]
[White "Poetsch, Hagen"]
[Black "Ten Hagen, Yorick"]
[Result "1/2-1/2"]
[WhiteTitle "IM"]
[WhiteElo "2403"]
[BlackElo "2189"]
[WhiteFideId "24615137"]
[BlackFideId "1020072"]
[EventDate "2011.07.30"]

1. e4 d6 2. d4 Nf6 3. Nc3 g6 4. f4 Bg7 5. Nf3 c5 6. Bb5+ Bd7 7. e5 Ng4 8. Bxd7+
Qxd7 9. h3 cxd4 10. Qxd4 Nh6 11. Qf2 Nc6 12. Bd2 dxe5 13. fxe5 Nf5 14. O-O-O
Bxe5 15. Nxe5 Nxe5 16. Bf4 Qe6 17. Nd5 O-O 18. Bxe5 Qxe5 19. Rhe1 Qh2 20. Nxe7+
Nxe7 21. Rxe7 b6 22. Rf1 Qd6 23. Rxf7 Rxf7 24. Qxf7+ Kh8 25. Re1 Rd8 26. Re8+
Rxe8 27. Qxe8+ Kg7 28. Qe4 Qc5 29. b3 b5 30. a4 b4 31. h4 h5 32. Kd1 a5 33. Ke2
Qc3 34. Qd3 Qe5+ 35. Kf3 Qf6+ 36. Kg3 Qe5+ 37. Kh3 Qf4 38. Qd7+ Kg8 39. Qd5+ Kg7
40. g3 Qg4+ 41. Kh2 Qe2+ 42. Qg2 Qe1 43. Qb7+ Kh6 44. Qg2 Kg7 45. Qb7+ Kh6 1/2-1/2

[Event "15th HZ Open"]
[Site "Vlissingen NED"]
[Date "2011.08.06"]
[Round "9"]
[White "Leenhouts, Koen"]
[Black "Lacrosse, Marc"]
[Result "1-0"]
[WhiteTitle "IM"]
[BlackTitle "FM"]
[WhiteElo "2397"]
[BlackElo "2185"]
[WhiteFideId "1008439"]
[BlackFideId "200921"]
[EventDate "2011.07.30"]

1. e4 e5 2. Nf3 Nc6 3. Bb5 a6 4. Ba4 Nf6 5. Qe2 b5 6. Bb3 Bc5 7. c3 O-O 8. O-O
d5 9. d3 d4 10. Bg5 Qd6 11. cxd4 Nxd4 12. Nxd4 Bxd4 13. Nc3 Bb7 14. Rac1 Rac8
15. Qf3 Nd7 16. Nd5 Bxd5 17. exd5 Nc5 18. Rc2 a5 19. Re2 f6 20. Bd2 a4 21. Bd1
Rfd8 22. b4 Nb7 23. Re4 Qxd5 24. Qh3 g6 25. Bf3 Qf7 26. Rxd4 1-0

[Event "15th HZ Open"]
[Site "Vlissingen NED"]
[Date "2011.08.06"]
[Round "9"]
[White "Padurariu, Ioana-Smaranda"]
[Black "Provoost, Simon"]
[Result "0-1"]
[WhiteTitle "WIM"]
[WhiteElo "2164"]
[BlackElo "2295"]
[WhiteFideId "1210947"]
[BlackFideId "1016334"]
[EventDate "2011.07.30"]

1. e4 c6 2. d4 d5 3. e5 c5 4. dxc5 e6 5. c3 Nc6 6. Nf3 Bxc5 7. b4 Bb6 8. Bd3
Nge7 9. Bf4 Ng6 10. Bg3 Bd7 11. O-O O-O 12. h4 f5 13. b5 Na5 14. h5 f4 15. Bh2
Nh4 16. Nbd2 Be8 17. Nd4 Qg5 18. g3 fxg3 19. Bxg3 Bxh5 20. Qc2 Rac8 21. Bxh7+
Kh8 22. Qd3 Bxd4 23. Qxd4 Rc4 24. Qe3 Qxe3 25. fxe3 Rxf1+ 26. Rxf1 Rg4 27. Bb1
Rxg3+ 28. Kh2 Rg2+ 29. Kh3 g5 0-1

[Event "15th HZ Open"]
[Site "Vlissingen NED"]
[Date "2011.08.06"]
[Round "9"]
[White "Go, Benjamin"]
[Black "Admiraal, Miguoel"]
[Result "1/2-1/2"]
[WhiteElo "2124"]
[BlackElo "2246"]
[WhiteFideId "1014560"]
[BlackFideId "1019716"]
[EventDate "2011.07.30"]

1. e4 e6 2. d4 c5 3. c3 d5 4. e5 Nc6 5. Nf3 Nh6 6. Bd3 cxd4 7. cxd4 Nf5 8. Nc3
Nfxd4 9. Nxd4 Nxd4 10. O-O Nc6 11. f4 g6 12. Qe2 a6 13. Bd2 Bg7 14. Rae1 O-O 15.
g4 f6 16. exf6 Bxf6 17. f5 Nd4 18. Qg2 gxf5 19. Bh6 Re8 20. Rf4 Kh8 21. Qf2 Nc6
22. gxf5 Rg8+ 23. Kh1 e5 24. Rf3 e4 25. Nxe4 dxe4 26. Bxe4 Bd4 27. Qe2 Bf6 28.
Rd3 Qe8 29. Rd6 Qe7 30. Rxf6 Qxf6 31. Bd2 Nd4 32. Bc3 Rd8 33. Rd1 Bxf5 34. Bxf5
Qxf5 35. Bxd4+ Rxd4 36. Rxd4 Rg8 37. Rd3 Qg5 38. Rg3 Qd5+ 39. Kg1 Rxg3+ 40. hxg3
Qxa2 41. Qe5+ Kg8 1/2-1/2

[Event "15th HZ Open"]
[Site "Vlissingen NED"]
[Date "2011.08.06"]
[Round "9"]
[White "Punt, Roland"]
[Black "Bus, Tom"]
[Result "1-0"]
[WhiteElo "2116"]
[BlackElo "2237"]
[WhiteFideId "1017527"]
[BlackFideId "1014374"]
[EventDate "2011.07.30"]

1. e4 c5 2. Nf3 Nc6 3. Bb5 Na5 4. Be2 e6 5. c4 a6 6. Nc3 Qc7 7. O-O d6 8. d3 Nf6
9. Be3 Be7 10. d4 cxd4 11. Nxd4 O-O 12. Rc1 Re8 13. b4 Nc6 14. Nxc6 bxc6 15. a4
Rb8 16. b5 axb5 17. cxb5 c5 18. Qb3 Qa5 19. Rfd1 Bb7 20. Bf3 Qa8 21. Bg5 d5 22.
exd5 Nxd5 23. Nxd5 exd5 24. Bxe7 Rxe7 25. Bxd5 Bxd5 26. Rxd5 Rbe8 27. h3 h6 28.
Rdxc5 Qa5 29. Kh2 Qd2 30. Qf3 Re6 31. Rc8 Qd6+ 32. Qg3 Qd5 33. b6 Rxc8 34. Rxc8+
Kh7 35. Qc7 Rg6 36. g3 Rf6 37. Qc2+ g6 38. Qb2 Qd6 39. b7 Kg7 1-0

[Event "15th HZ Open"]
[Site "Vlissingen NED"]
[Date "2011.08.06"]
[Round "9"]
[White "Von Meijenfeldt, Bart"]
[Black "Goormachtigh, Johan"]
[Result "1/2-1/2"]
[BlackTitle "FM"]
[WhiteElo "2154"]
[BlackElo "2237"]
[WhiteFideId "1032259"]
[BlackFideId "200280"]
[EventDate "2011.07.30"]

1. e4 c5 2. Nc3 Nc6 3. f4 g6 4. Nf3 Bg7 5. Bb5 Nd4 6. O-O a6 7. Bc4 b5 8. Bd5
Rb8 9. d3 e6 10. Bb3 Ne7 11. Nxd4 Bxd4+ 12. Kh1 d5 13. Ne2 Bg7 14. c3 Bb7 15.
Bc2 1/2-1/2

[Event "15th HZ Open"]
[Site "Vlissingen NED"]
[Date "2011.08.06"]
[Round "9"]
[White "Hoffman, Ron"]
[Black "Laarhoven, Thijs"]
[Result "1/2-1/2"]
[WhiteElo "2106"]
[BlackElo "2228"]
[WhiteFideId "1007599"]
[BlackFideId "1021265"]
[EventDate "2011.07.30"]

1. d4 d5 2. Bf4 Nf6 3. e3 c6 4. Nf3 Bg4 5. c4 Nbd7 6. Qb3 Qb6 7. c5 Qxb3 8. axb3
Bxf3 9. gxf3 Nh5 10. Bc7 a6 11. h3 Rc8 12. Bh2 f5 13. b4 g6 14. Nd2 Bh6 15. f4
Bg7 16. Bg3 Bf6 17. Nf3 1/2-1/2

[Event "15th HZ Open"]
[Site "Vlissingen NED"]
[Date "2011.08.06"]
[Round "9"]
[White "Heltzel, Joost"]
[Black "Stange, Sven"]
[Result "1/2-1/2"]
[WhiteTitle "CM"]
[WhiteElo "2225"]
[BlackElo "2110"]
[WhiteFideId "1010522"]
[BlackFideId "203890"]
[EventDate "2011.07.30"]

1. e4 e5 2. Nf3 Nf6 3. Nxe5 d6 4. Nf3 Nxe4 5. Nc3 Nxc3 6. dxc3 Be7 7. Be3 O-O 8.
Qd2 Nc6 9. O-O-O Ne5 10. Kb1 Be6 11. Nd4 Nc4 12. Qd3 Nxe3 13. Nxe6 fxe6 14. Qxe3
Rf6 15. f4 Qf8 16. g3 Kh8 17. Bh3 e5 18. fxe5 dxe5 19. Rhf1 Rd8 1/2-1/2

[Event "15th HZ Open"]
[Site "Vlissingen NED"]
[Date "2011.08.06"]
[Round "9"]
[White "Hortensius, Lisa"]
[Black "In't Veld, Daan"]
[Result "1-0"]
[WhiteElo "2088"]
[BlackElo "2224"]
[WhiteFideId "1012339"]
[BlackFideId "1016270"]
[EventDate "2011.07.30"]

1. e4 c5 2. Nf3 e6 3. d4 cxd4 4. Nxd4 a6 5. Bd3 Bc5 6. Nb3 Be7 7. Qg4 g6 8. Qe2
d6 9. a4 b6 10. O-O Bb7 11. Be3 Nd7 12. Nc3 Qc7 13. f4 Ngf6 14. Rad1 O-O 15. Bd4
Rfe8 16. Nd2 Bf8 17. Nf3 Nh5 18. Ng5 d5 19. exd5 Bxd5 20. Qxh5 h6 21. Bxg6 Bg7
22. Bxf7+ Kf8 23. Bxg7+ Kxg7 24. Qg6+ Kf8 25. Nh7+ Ke7 26. Nxd5+ exd5 27. Qe6+
Kd8 28. Qxe8# 1-0

[Event "15th HZ Open"]
[Site "Vlissingen NED"]
[Date "2011.08.06"]
[Round "9"]
[White "Van Overdam, Jan"]
[Black "Nabuurs, Joep"]
[Result "1/2-1/2"]
[WhiteElo "2062"]
[BlackElo "2218"]
[WhiteFideId "1022741"]
[BlackFideId "1020013"]
[EventDate "2011.07.30"]

1. e4 c5 2. Nc3 Nc6 3. f4 g6 4. Nf3 Bg7 5. Bb5 Nd4 6. O-O Nxb5 7. Nxb5 d5 8.
exd5 a6 9. Nc3 Nf6 10. d4 c4 11. Qe2 b5 12. a4 b4 13. Na2 a5 14. Qxc4 O-O 15.
Re1 Ba6 16. Qb3 Rc8 17. Ne5 Qxd5 18. Qxd5 Nxd5 19. c3 b3 20. c4 Bxe5 21. Rxe5
Rxc4 22. Rxd5 Rxa4 23. Bd2 Bc4 24. Rc5 Rxa2 25. Rxa2 bxa2 26. Rxa5 Bd5 27. Bc3
Ra8 28. b4 e6 29. Rxa8+ Bxa8 30. d5 Bxd5 31. g4 h5 32. g5 Kf8 33. h4 Ke7 34. Kf2
Kd6 35. Ke3 Kc6 36. Kd3 Kb5 37. Bb2 Bb3 38. Be5 Kxb4 39. Kd2 Bd5 40. Bc3+ Kb3
41. Be5 Be4 42. Ba1 Kc4 43. Be5 Bb1 44. Ke3 Kd5 45. Ba1 e5 46. fxe5 Ke6 1/2-1/2

[Event "15th HZ Open"]
[Site "Vlissingen NED"]
[Date "2011.08.06"]
[Round "9"]
[White "Van Der Zalm, Marnix"]
[Black "Colijn, Stefan"]
[Result "1-0"]
[WhiteElo "2058"]
[BlackElo "2207"]
[WhiteFideId "1004611"]
[BlackFideId "1016199"]
[EventDate "2011.07.30"]

1. d4 d5 2. c4 c6 3. Nf3 Nf6 4. Nc3 a6 5. e3 b5 6. b3 Bg4 7. Be2 e6 8. O-O Nbd7
9. h3 Bh5 10. Ne5 Bxe2 11. Qxe2 Nxe5 12. dxe5 Nd7 13. cxd5 cxd5 14. Bb2 Be7 15.
Rad1 Bc5 16. Qg4 Kf8 17. Nxd5 Qc8 18. Nf4 Be7 19. Nxe6+ fxe6 20. Qf3+ Ke8 21.
Rxd7 Kxd7 22. Rc1 Qxc1+ 23. Bxc1 Rac8 24. Bd2 Rc7 25. Qf7 Rf8 26. Qxg7 Kc8 27.
Qg4 Kd7 28. Qe4 Rf7 29. f4 Rg7 30. f5 exf5 31. e6+ Ke8 32. Qa8+ Bd8 33. Ba5 Rc1+
34. Kh2 Rd1 35. Qc6+ Kf8 36. Bb4+ Re7 37. Kg3 h5 38. Kf4 Rf1+ 39. Kg5 Rd1 40.
Kf6 a5 41. Bc5 Rc1 42. Qd7 1-0

[Event "15th HZ Open"]
[Site "Vlissingen NED"]
[Date "2011.08.06"]
[Round "9"]
[White "Oosterman, Maarten-Jan"]
[Black "De Jong, Migchiel"]
[Result "0-1"]
[BlackTitle "IM"]
[WhiteElo "1992"]
[BlackElo "2376"]
[WhiteFideId "1025929"]
[BlackFideId "1002848"]
[EventDate "2011.07.30"]

1. e4 c5 2. Nf3 e6 3. c3 d5 4. exd5 Qxd5 5. d4 Nf6 6. a3 Nc6 7. Be3 cxd4 8. cxd4
Be7 9. Nc3 Qd8 10. Bd3 O-O 11. O-O b6 12. Qe2 Bb7 13. Rad1 Rc8 14. Rfe1 Nd5 15.
Bc1 Na5 16. Ne4 Nf6 17. Neg5 Qd5 18. Bb1 h6 19. Nh3 Qh5 20. Nf4 Bxf3 21. gxf3
Qg5+ 22. Kh1 Bd6 23. Ng6 Qh5 24. Ne5 Nd5 25. Rg1 Nc6 26. Qd3 Nf6 27. Ng4 Kh8 28.
Rg2 Qg6 29. Nxf6 Qxd3 30. Bxd3 gxf6 31. Bxh6 Rg8 32. Rdg1 Rxg2 33. Rxg2 Bf8 34.
Be3 Rd8 35. Rg4 Bg7 36. Bb5 Ne7 37. Rg1 Ng6 38. Rc1 f5 39. Rc7 f4 40. Bd2 Rxd4
41. Bc3 Rd5 42. Be8 Bxc3 43. bxc3 Nh4 44. h3 Rd1+ 45. Kh2 Nxf3+ 46. Kg2 Nh4+ 47.
Kh2 f5 48. Re7 e5 49. Bc6 e4 50. Rxa7 Nf3+ 51. Kg2 Rg1# 0-1

[Event "15th HZ Open"]
[Site "Vlissingen NED"]
[Date "2011.08.06"]
[Round "9"]
[White "Van Den Berg, Ad"]
[Black "Westerweele, Henrik"]
[Result "1-0"]
[WhiteElo "2244"]
[BlackElo "1980"]
[WhiteFideId "1001426"]
[BlackFideId "1013319"]
[EventDate "2011.07.30"]

1. c4 e6 2. e4 d5 3. exd5 exd5 4. d4 Nf6 5. Nc3 Bb4 6. Bg5 O-O 7. Bd3 dxc4 8.
Bxc4 Nc6 9. Ne2 Bg4 10. f3 Bf5 11. O-O Re8 12. Nd5 Be7 13. Nxe7+ Qxe7 14. Ng3
Bg6 15. Rc1 Rad8 16. d5 Qe5 17. Qd2 Qd6 18. dxc6 Qxd2 19. Bxd2 Rxd2 20. cxb7 Rb8
21. Ba6 Nd5 22. Rf2 Rxf2 23. Kxf2 Kf8 24. a3 Ke7 25. Ne4 Kd7 26. Nc5+ Kd6 27. b4
Bf5 28. Bc4 Be6 29. Bxd5 Bxd5 30. Rd1 c6 31. h4 g6 32. h5 Ke7 33. hxg6 hxg6 34.
f4 Kd6 35. g4 Ke7 36. Kg3 Kd6 37. Rd2 Ke7 38. f5 gxf5 39. gxf5 Kd6 40. Kf4 f6
41. Rh2 Bf7 42. Rh6 Ke7 43. Rh7 1-0

[Event "15th HZ Open"]
[Site "Vlissingen NED"]
[Date "2011.08.06"]
[Round "9"]
[White "Swijsen, Lars"]
[Black "Tiggelman, Rene"]
[Result "0-1"]
[WhiteElo "1960"]
[BlackElo "2233"]
[WhiteFideId "211800"]
[BlackFideId "1006185"]
[EventDate "2011.07.30"]

1. e4 e6 2. d3 d5 3. Nd2 Nf6 4. Ngf3 c5 5. g3 Nc6 6. Bg2 b6 7. O-O Bb7 8. Re1
Qc7 9. c3 Be7 10. h4 h6 11. Qe2 a5 12. e5 Nd7 13. Nf1 O-O-O 14. a3 Rdf8 15. Bh3
g5 16. h5 Rhg8 17. N1h2 Re8 18. Bd2 Kb8 19. g4 Ndxe5 20. Nxe5 Nxe5 21. Qxe5 Bd6
22. Qf6 Bxh2+ 23. Kh1 Bf4 24. Rad1 Bxd2 25. Rxd2 Qf4 26. Qe5+ Qxe5 27. Rxe5 f6
28. Re1 e5 29. Bg2 Kc7 30. Rde2 Kd6 31. d4 Bc8 32. Bf3 Bd7 33. dxe5+ Rxe5 34.
Rd1 Rxe2 35. Bxe2 Re8 36. Bf3 Re5 37. Kg2 Ba4 38. Rd2 Bb3 39. Bd1 Bxd1 40. Rxd1
Re2 41. Rb1 d4 42. cxd4 cxd4 43. Kf3 Re6 44. b3 Kd5 45. Rc1 Rc6 46. Rxc6 Kxc6
47. Ke4 Kc5 48. a4 Kb4 49. Kxd4 Kxb3 50. Ke4 Kxa4 51. Kf5 b5 52. Kxf6 b4 53. Kg6
b3 54. Kxh6 b2 55. Kxg5 b1=Q 56. f4 Qh7 0-1

[Event "15th HZ Open"]
[Site "Vlissingen NED"]
[Date "2011.08.06"]
[Round "9"]
[White "Armstrong, Malcolm J"]
[Black "Bijlsma, Nick"]
[Result "1/2-1/2"]
[WhiteElo "1988"]
[BlackElo "2174"]
[WhiteFideId "409049"]
[BlackFideId "1007041"]
[EventDate "2011.07.30"]

1. d4 Nf6 2. Nf3 g6 3. g3 Bg7 4. Bg2 O-O 5. O-O d5 6. c4 c6 7. b3 a5 8. Bb2 a4
9. Ne5 Ng4 10. cxd5 cxd5 11. bxa4 Nxe5 12. dxe5 e6 13. e4 Nc6 14. exd5 Nxe5 15.
Qb3 exd5 16. f4 Nc4 17. Bxg7 Kxg7 18. Na3 Nxa3 19. Qxa3 Be6 20. Rad1 Qb6+ 21.
Kh1 Rfd8 22. Rb1 Qd6 23. Rb4 Kg8 24. Qb2 d4 25. Rb6 Qd7 26. Rxb7 Qxa4 27. Rb4
Qa6 28. Rxd4 Qxa2 29. Qxa2 Bxa2 30. Rfd1 1/2-1/2

[Event "15th HZ Open"]
[Site "Vlissingen NED"]
[Date "2011.08.06"]
[Round "9"]
[White "Westerman, Henk"]
[Black "Blom, Vincent"]
[Result "1/2-1/2"]
[WhiteElo "1925"]
[BlackElo "2126"]
[WhiteFideId "1008358"]
[BlackFideId "1014358"]
[EventDate "2011.07.30"]

1. c4 d6 2. g3 g6 3. Bg2 Bg7 4. Nc3 f5 5. d3 Nf6 6. e4 fxe4 7. dxe4 O-O 8. Nge2
e5 9. O-O Be6 10. b3 Kh8 11. Ba3 Nbd7 12. Qc2 g5 13. Rad1 Qe8 14. Nd5 Rc8 15.
Nec3 Qh5 16. Qe2 Qxe2 17. Nxe2 Rf7 18. Nec3 a6 19. Na4 b6 20. Nac3 Nb8 21. Bc1
h6 22. h3 Nc6 23. Ne2 Nh5 24. Be3 Rcf8 25. Rd3 Nf4 26. gxf4 exf4 27. Nd4 Bxd5
28. cxd5 Ne5 29. Rc3 fxe3 30. fxe3 Ng6 31. Rcc1 Bxd4 32. exd4 Nf4 33. Rce1 Kg7
34. e5 Re7 35. e6 Nd3 36. Rxf8 Kxf8 37. Rf1+ Nf4 38. Kf2 Rg7 39. Kg3 Ke7 40. Bf3
Kf6 41. Be4 Ke7 42. Rf2 Nh5+ 43. Kg4 Nf4 44. h4 c6 45. hxg5 cxd5 46. Kxf4 hxg5+
47. Kf5 dxe4 48. Re2 Ke8 49. Kxe4 g4 50. Kf4 g3 51. Rg2 Ke7 52. d5 Kf6 53. Rxg3
Rh7 54. Rg5 Rh4+ 55. Rg4 Rh1 56. Ke3 Re1+ 57. Kd2 Re5 58. Rf4+ Kg6 59. Rd4 Kf6
60. Kd3 Rh5 61. Rf4+ Ke7 62. Kd4 Ke8 63. Rg4 Rh7 64. Ke4 Ke7 65. Rf4 Ke8 66. Rg4
Ke7 67. Rf4 Ke8 68. Kd4 Rg7 69. Ke4 Rh7 70. Rf7 Rh4+ 71. Rf4 Rh2 72. Rf3 Rxa2
73. Rh3 Re2+ 74. Kf5 1/2-1/2

[Event "15th HZ Open"]
[Site "Vlissingen NED"]
[Date "2011.08.06"]
[Round "9"]
[White "Bernshtein, Tomer"]
[Black "Haak, Eelco"]
[Result "0-1"]
[WhiteElo "1919"]
[BlackElo "2123"]
[WhiteFideId "2808137"]
[BlackFideId "1003844"]
[EventDate "2011.07.30"]

1. e4 e6 2. d4 d5 3. Nc3 Bb4 4. e5 c5 5. Bd2 Ne7 6. a3 Bxc3 7. Bxc3 b6 8. Qg4
O-O 9. f4 Nf5 10. Bd3 Nc6 11. Bxf5 exf5 12. Qg3 cxd4 13. Bb4 Re8 14. O-O-O a5
15. Bd6 Ba6 16. Nf3 d3 17. cxd3 b5 18. Qf2 b4 19. a4 b3 20. Nd4 Qb6 21. e6 Qxd4
22. exf7+ Kxf7 0-1

[Event "15th HZ Open"]
[Site "Vlissingen NED"]
[Date "2011.08.06"]
[Round "9"]
[White "Porte, Henrik"]
[Black "Ijzermans, Cees"]
[Result "1-0"]
[WhiteElo "2119"]
[BlackElo "1900"]
[WhiteFideId "1016326"]
[BlackFideId "1027425"]
[EventDate "2011.07.30"]

1. d4 Nf6 2. c4 e5 3. dxe5 Ng4 4. e4 Nxe5 5. f4 Ng6 6. Be3 Bb4+ 7. Nd2 d6 8. Bd3
O-O 9. Nf3 Qe7 10. Qc2 Nc6 11. O-O-O a5 12. h4 Bxd2+ 13. Qxd2 h5 14. a3 Bg4 15.
Rde1 a4 16. Nh2 Na5 17. Kb1 Bd7 18. Qe2 Bc6 19. e5 dxe5 20. Qxh5 Qd8 21. Rd1 e4
22. Bc2 Qxh4 23. Qe2 Nxf4 24. Bxf4 Qxf4 25. Ng4 Nxc4 26. g3 Qg5 27. Qxc4 Qxg4
28. Rh4 Qe6 29. Rdh1 g6 30. Rh8+ Kg7 31. Qd4+ Qf6 32. R1h7# 1-0

[Event "15th HZ Open"]
[Site "Vlissingen NED"]
[Date "2011.08.06"]
[Round "9"]
[White "Rosmuller, Anton"]
[Black "Olabe Odriozola, Eduardo"]
[Result "0-1"]
[WhiteElo "2091"]
[BlackElo "1900"]
[WhiteFideId "1007270"]
[BlackFideId "2211980"]
[EventDate "2011.07.30"]

1. b4 d5 2. a4 e5 3. Ba3 g6 4. e3 Bg7 5. d4 Ne7 6. c3 O-O 7. Be2 Be6 8. Nd2 e4
9. c4 c6 10. b5 Nd7 11. h4 Bh6 12. g4 f6 13. Qb3 Rf7 14. Nh3 Nb6 15. c5 Nd7 16.
Nxe4 Nc8 17. Nc3 Qe7 18. Bd1 g5 19. bxc6 bxc6 20. Qb7 Rb8 21. Qxc6 Nf8 22. h5 f5
23. f3 Bg7 24. gxf5 Rxf5 25. Qa6 Rb3 26. Rg1 h6 27. Ra2 Qc7 28. Rgg2 Rf6 29. Nf2
Bd7 0-1

[Event "15th HZ Open"]
[Site "Vlissingen NED"]
[Date "2011.08.06"]
[Round "9"]
[White "Hogerhorst, Tony"]
[Black "Willemsma, Abe"]
[Result "1-0"]
[WhiteElo "1914"]
[BlackElo "2088"]
[WhiteFideId "1036440"]
[BlackFideId "1011561"]
[EventDate "2011.07.30"]

1. c4 Nf6 2. Nc3 c5 3. g3 d5 4. cxd5 Nxd5 5. Bg2 Nc7 6. Nf3 Nc6 7. d3 e5 8. O-O
Be7 9. Be3 Rb8 10. Ne1 O-O 11. Rc1 Nd4 12. Kh1 Be6 13. f4 f6 14. Nf3 Nxf3 15.
Bxf3 Nd5 16. Nxd5 Bxd5 17. Bxc5 Bxc5 18. Rxc5 Bxf3+ 19. Rxf3 Qd4 20. Qb3+ Kh8
21. Rd5 Qb6 22. Qxb6 axb6 23. fxe5 1-0

[Event "15th HZ Open"]
[Site "Vlissingen NED"]
[Date "2011.08.06"]
[Round "9"]
[White "Smits, Benjamin"]
[Black "Kluger, Carsten"]
[Result "1-0"]
[WhiteElo "1875"]
[BlackElo "2077"]
[WhiteFideId "1019511"]
[BlackFideId "4680855"]
[EventDate "2011.07.30"]

1. e4 d6 2. d4 g6 3. Nc3 a6 4. Be3 Bg7 5. Bd3 e6 6. Qd2 h6 7. Nce2 Ne7 8. f3 Nd7
9. Nh3 b6 10. O-O Bb7 11. c3 Nf8 12. Kh1 Qd7 13. Nf2 f5 14. exf5 exf5 15. Bc4 d5
16. Bb3 Ne6 17. Nd3 O-O-O 18. a4 g5 19. f4 Ng6 20. Bc2 Rdf8 21. a5 b5 22. Ng3
Qd6 23. Rae1 Kb8 24. Nh5 Bc8 25. Bg1 Bf6 26. Ne5 Bxe5 27. fxe5 Qe7 28. Bxf5 Ngf4
29. Nxf4 Nxf4 30. Bxc8 Kxc8 31. Be3 Ne6 32. Qe2 Rxf1+ 33. Rxf1 Rf8 34. Rf3 Rxf3
35. Qxf3 Qf8 36. Qxf8+ Nxf8 37. h4 Ne6 38. hxg5 hxg5 39. Kh2 Kd7 40. Kg3 b4 41.
cxb4 Kc6 42. Kg4 Kb5 43. Kf5 1-0

[Event "15th HZ Open"]
[Site "Vlissingen NED"]
[Date "2011.08.06"]
[Round "9"]
[White "Lukas, Manfred"]
[Black "Schuhmacher, Jakob"]
[Result "1-0"]
[WhiteElo "2050"]
[BlackElo "1841"]
[WhiteFideId "4633440"]
[BlackFideId "4612787"]
[EventDate "2011.07.30"]

1. e4 c6 2. c4 d5 3. exd5 cxd5 4. cxd5 Nf6 5. d4 Nxd5 6. Nc3 e6 7. Nf3 Bb4 8.
Bd2 a6 9. Nxd5 Bxd2+ 10. Qxd2 Qxd5 11. Bd3 O-O 12. O-O Nd7 13. Rfe1 Nf6 14. Re5
Qd6 15. Rg5 h6 16. Rg3 Nh5 17. Qxh6 Nf6 18. Qxg7# 1-0

[Event "15th HZ Open"]
[Site "Vlissingen NED"]
[Date "2011.08.06"]
[Round "9"]
[White "Densing, Gerd"]
[Black "Bolleman, Erik"]
[Result "0-1"]
[WhiteElo "1844"]
[BlackElo "2042"]
[WhiteFideId "24621013"]
[BlackFideId "1016172"]
[EventDate "2011.07.30"]

1. d4 d5 2. Nf3 Nf6 3. e3 e6 4. Bd3 c5 5. b3 Nbd7 6. Bb2 Be7 7. O-O O-O 8. Nbd2
b6 9. Ne5 Bb7 10. f4 Ne4 11. Rf3 f5 12. Bxe4 dxe4 13. Rh3 Nxe5 14. dxe5 g6 15.
Qe2 Qd5 16. c4 Qc6 17. a4 Rad8 18. Rd1 Rd3 19. g4 Rfd8 20. gxf5 exf5 21. Kf2 Qd7
22. Bc1 Rxb3 23. Nxb3 Qxd1 24. Qxd1 Rxd1 25. Ke2 Rd3 26. Nd2 Bc6 27. Rg3 Bxa4
28. Rg1 b5 29. Bb2 Bd8 30. Rc1 Ba5 31. Nf1 Bb4 32. cxb5 Bxb5 33. Kf2 Kf7 34. h4
Rb3 35. Ba1 Bd3 36. Ng3 a5 37. h5 Rb1 38. hxg6+ hxg6 39. Rxb1 Bxb1 40. Ne2 a4
41. Nc3 Bc2 42. Ke2 Ke6 43. Kd2 Bb3 44. Kc1 Ba3+ 45. Kd2 Kd7 46. Nb5 Bb4+ 47.
Bc3 a3 48. Bxb4 cxb4 49. Kc1 Bc4 50. Nd4 b3 0-1